[Event "Hong Kong Jolimark op"]
[Site "Hong Kong"]
[Date "2018.12.24"]
[Round "5"]
[White "Lee, Yu Ting"]
[Black "Choy, Hong Lui Ronald"]
[Result "1/2-1/2"]
[WhiteElo "1313"]
[BlackElo "1603"]
[PlyCount "45"]
[EventDate "2018.12.22"]
[EventType "swiss"]
[EventRounds "9"]
[EventCountry "HKG"]
[SourceTitle "CBM 188 Extra"]
[Source "ChessBase"]
[SourceDate "2019.02.26"]
[SourceVersion "1"]
[SourceVersionDate "2019.02.26"]
[SourceQuality "1"]

1. b3 Nf6 2. Bb2 g6 3. Bxf6 exf6 4. c4 Bg7 5. Nc3 0-0 6. g3 c5 7. Bg2 Nc6 8. a3 Rb8 9. e3 a6 10. Nge2 f5 11. Rb1 Qa5 12. a4 d6 13. 0-0 Rd8 14. Nd5 b5 15. axb5 axb5 16. Nec3 Rd7 17. Nxb5 Nb4 18. d4 Bb7 19. dxc5 Nxd5 20. c6 Bxc6 21. Bxd5 Bxb5 22. cxb5 Qxb5 23. Bc4 1/2-1/2